000 00839cam a2200265 a 4500
005 20260322212012.0
008 data
010 _a 85003911
020 _a0871890968
020 _a9780871890962
050 0 _aRT85.5
_b.Q28 1985
096 _aW 84 M437 1985
245 0 0 _aQuality assurance :
_ba complete guide to effective programs.
_cedited by Claire Gavin Meisenheimer.
260 _aRockville, Md. :
_bAspen Systems Corp.,
_c1985.
300 _axxi, 355 p. :
_bill. ;
_c24 cm.
500 _a"An Aspen publication."
504 _aIncludes bibliographical references and index.
590 _aIncludes index.
650 0 _aNursing
_xQuality control.
650 0 _aHospital care
_xQuality control.
650 0 _aRisk management.
650 0 _aNursing services
_xAdministration.
700 1 _aMeisenheimer, Claire Gavin.
001 data
999 _c240
_d240